LEADER 01396nam a2200325 i 4500 001 000000154212 003 CaOOAMICUS 005 20220530160946.0 008 061012s1987 it u000 u ita u 013 $a131558 020 $a88-17-16614-6 040 $aSeMil$bita 100 1 $aCrespelle, Jean-Paul.$0(OLS)http://semarc/name/60343 245 13$aLa vita quotidiana a Montmartre ai tempi di Picasso :$b(1900-1910) /$cJean-Paul Crespelle ; traduzione di M. Grazia Meriggi. 260 $aMilano :$bRizzoli,$c1987. 300 $aXVI, 264 p. ;$c18 cm. 490 0 $aBUR. L ;$v614 500 $aContiene : Bibliografia. - Fondo Ciprandi. 600 14$aPicasso, Pablo <1881-1973>.$0(OLS)http://semarc/subject/2764 650 4$aParigi - Vita artistica e culturale - 1870-1910.$0(OLS)http://semarc/subject/30182 700 1 $aMeriggi, M. Grazia.$0(OLS)http://semarc/name/60344 830 0$aBUR ;$v614.$0(OLS)http://semarc/title/440060 850 $aSeMil 852 $aSeMil$W1$xVenegono$y1$m3U I 592$j106072$B106072$CSeMilBibl$Z2$F116915 $81 941 1 $a1 961 $aOmaggio: Ciprandi dott. Paolo 996 $6020$a88-17-16614-6$9(OLS)http://semarc/number/144120 996 $6245$aLa vita quotidiana a Montmartre ai tempi di Picasso :$b(1900-1910)$9(OLS)http://semarc/title/225671 996 $6260$aMilano :$bRizzoli$9(OLS)http://semarc/publisher/29824 LEADER 01923nam a2200361 i 4500 001 000000032418 003 CaOOAMICUS 005 20180830125449.0 008 180830s2010 it u000 u ita u 040 $aSeMil$bita 245 10$aClaudio Monteverdi, L'Orfeo /$cRinaldo Alessandrini, Teatro alla Scala. 250 $aEd. speciale. 260 $a[S.l.] :$bIntesa SanPaolo,$ccopyr. 2010. 260 $aMilano :$bMondadori Electa,$ccopyr. 2010. 260 $aMilano :$bMusicom,$ccopyr. 2010. 300 $a1 v. + 1 kit (1 DVD, 2 CD) ;$cin custodia, 29x26x4 cm. 500 $aTitolo della custodia. - Tiratura limitata, non in vendita. - Fondo Card. C. M. Martini. - Opera e singole parti DISPONIBILI SU RICHIESTA AL DIRETTORE, che ne indicherà le condizioni. 600 14$aMonteverdi, Claudio <1567-1643>.$0(OLS)http://semarc/subject/5200 650 4$aMusica - Direttori d'orchestra.$0(OLS)http://semarc/subject/1289 650 4$aMonteverdi, Claudio <1567-1643> - Opere.$0(OLS)http://semarc/subject/5201 700 1 $aMonteverdi, Claudio <1567-1643>.$0(OLS)http://semarc/name/14971 700 1 $aAlessandrini, Rinaldo.$0(OLS)http://semarc/name/14972 710 0 $aTeatro alla Scala .$0(OLS)http://semarc/name/4107 773 0 $tVox Imago.$d[S.l.] : Banca Intesa, [2004?]$w()19439 774 0 $tMonteverdi, L'Orfeo.$kVox Imago$gCD2$w()244643 774 0 $tMonteverdi, L'Orfeo.$kVox Imago$gCD1$w()244644 774 0 $tMonteverdi, L'Orfeo Highlights ; L'Opera Prima.$kVox Imago$gDVD-Rom$w()244645 774 0 $tClaudio Monteverdi, L'Orfeo.$kVox Imago$g[Monografia]$w()244646 941 1 $a4 996 $6245$aClaudio Monteverdi, L'Orfeo$9(OLS)http://semarc/title/43962 996 $6260$a[S.l.] :$bIntesa SanPaolo$9(OLS)http://semarc/publisher/32186 996 $6260$aMilano :$bMusicom$9(OLS)http://semarc/publisher/32187 996 $6260$aMilano :$bMondadori Electa$9(OLS)http://semarc/publisher/32188